000 00286nam a22001217a 4500
040 _cHS
082 _a170
100 _aNGUYEN VAN SO
245 _aAgroforestry syllabus
260 _aVietnam's national university of hochiminh city
_bNGUYEN VAN SO
_c1997
300 _a79p;
942 _cEK
999 _c9152
_d9152